00758naa a2200241 a 450000100080000000500110000800800410001910000220006024501080008226000090019065300250019965300210022465300110024565300260025665300180028270000200030070000190032070000220033970000260036170000170038770000180040477300940042210770552011-06-15 2009 bl uuuu u00u1 u #d1 aBEZERRA JR, P. S. aNeurotoxicose em bovinos associada ao consumo de baga??o de malte contaminado por Aspergillus clavatus. c2009 aAspergillus clavatus aBaga??o de malte aBovino aCromat??lise neuronal aNeurotoxicose1 aRAYMUNDO, D. L.1 aSPANAMBERG, A.1 aCORR??A, A. M. R.1 aBANGEL J??NIOR, J. J.1 aFERREIRO, L.1 aDRIEMEIER, D. tPesquisa Veterin??ria Brasileira, Rio de Janeiro, RJgv. 29, n. 3, p. 220-228, mar. 2009.